000 00380 a2200133 4500
001 88260
082 _a670.42 BAU
090 _c41674
_d41674
100 _aAlfred Bauer, Richard Bowden, Jim Browne; Duggan & Lyons
245 _aShop Floor Control Systems: From Design to Implementation
250 _a1st
260 _aLondon
_bChapman & Hall
_c1991
300 _axx, 344 p.
_bPb
942 _aCAE NUST
_k670.42 BAU
999 _c323333
_d323333